Lady Manor Ltd v Fat Cat Cafe Bars Ltd (Record no. 68221)
[ view plain ]
| 000 -LEADER | |
|---|---|
| fixed length control field | 01210cam a2200265 4500 |
| 001 - CONTROL NUMBER | |
| control field | ABS64439 |
| 008 - FIXED-LENGTH DATA ELEMENTS--GENERAL INFORMATION | |
| fixed length control field | 010911n2001 000 0 eng u |
| 035 ## - SYSTEM CONTROL NUMBER | |
| System control number | (Sirsi) u114509 |
| 240 0# - UNIFORM TITLE | |
| Uniform title | Fat boys case. |
| 245 ## - TITLE STATEMENT | |
| Title | Lady Manor Ltd v Fat Cat Cafe Bars Ltd |
| 260 ## - PUBLICATION, DISTRIBUTION, ETC. | |
| Date of publication, distribution, etc. | 2001 |
| 490 ## - SERIES STATEMENT | |
| Series statement | Estates Gazette |
| Volume/sequential designation | [2001] 33 EG 88-93(6) |
| 520 ## - SUMMARY, ETC. | |
| Summary, etc. | West London County Court 22 May 2001. Examined the issue of whether an estate agent (L) was entitled to a fee from a transaction resulting from information in a cold-calling letter. It was decided that L could not claim any fee as there had been no pre-existing contract between L and Fat Cat Cafe Bars (F) and no contract had been made after the receipt of the letter, although the information contained in the letter led to an offer being made on the property mentioned. L's appeal was dismissed. |
| 590 ## - LOCAL NOTE (RLIN) | |
| Local note | ABS |
| 650 ## - SUBJECT ADDED ENTRY--TOPICAL TERM | |
| Topical term or geographic name entry element | LADY MANOR LTD V FAT CAT CAFE BARS |
| 650 ## - SUBJECT ADDED ENTRY--TOPICAL TERM | |
| Topical term or geographic name entry element | ESTATE AGENTS |
| 650 ## - SUBJECT ADDED ENTRY--TOPICAL TERM | |
| Topical term or geographic name entry element | ESTATE AGENTS FEES |
| 650 ## - SUBJECT ADDED ENTRY--TOPICAL TERM | |
| Topical term or geographic name entry element | NON-RETAINED AGENTS |
| 650 ## - SUBJECT ADDED ENTRY--TOPICAL TERM | |
| Topical term or geographic name entry element | INTRODUCTORY FEES |
| 650 ## - SUBJECT ADDED ENTRY--TOPICAL TERM | |
| Topical term or geographic name entry element | COMMISSIONS |
| 650 ## - SUBJECT ADDED ENTRY--TOPICAL TERM | |
| Topical term or geographic name entry element | ENTITLEMENT |
| 650 ## - SUBJECT ADDED ENTRY--TOPICAL TERM | |
| Topical term or geographic name entry element | PROPERTY TRANSACTIONS |
| 690 ## - LOCAL SUBJECT ADDED ENTRY--TOPICAL TERM (OCLC, RLIN) | |
| Topical term or geographic name as entry element | PROPERTY AND LAND LAW-AGENCY-CASE LAW |
| 942 ## - ADDED ENTRY ELEMENTS (KOHA) | |
| Suppress in OPAC | 0 |
| Withdrawn status | Lost status | Source of classification or shelving scheme | Damaged status | Not for loan | Home library | Current library | Shelving location | Date acquired | Total Checkouts | Full call number | Barcode | Date last seen | Copy number | Price effective from | Koha item type |
|---|---|---|---|---|---|---|---|---|---|---|---|---|---|---|---|
| Dewey Decimal Classification | London | London | Journal article | 11/09/2001 | ABS64439 | 114509-1001 | 06/08/2019 | 1 | 06/08/2019 | Law report |